000 00374 a2200157 4500
001 151484
040 _cEscola São Tomás de Aquino
100 _aMORAES, Antonieta Dias de
240 1 0 _aOs dois tatus e o berimbau
_lpor
245 1 0 _aOs dois tatus e o berimbau
300 _a23
362 0 _a1996
440 1 _aScipione
697 _a*LITERATURA INFANTO
942 _cBK
999 _c151484
_d151484